|
|
|
|
| LEADER |
00000nam a2200000 a 4500 |
| 001 |
vtls008632786 |
| 003 |
SK-MaSNL |
| 005 |
20260425222713.0 |
| 008 |
200115s2005 xo a g 000 0 slo |
| 015 |
|
|
|a SNBA2006/12-05886
|
| 020 |
|
|
|a 8096879499 (brož.)
|
| 035 |
|
|
|a urn:nbn:sk:snk-am00cuvw
|
| 035 |
|
|
|a urn:nbn:sk:snk-am3hosl
|
| 035 |
|
|
|a F83D7272-E8AD-46D1-ABF2-7A4705E95FD3
|
| 040 |
|
|
|a SNK
|b slo
|c SNK
|e AACR2
|
| 041 |
0 |
|
|a eng
|a slo
|
| 044 |
|
|
|a xo
|c SK
|
| 072 |
|
7 |
|a 81
|x Lingvistika. Jazyky
|2 konspekt
|
| 080 |
|
|
|a 811.111
|2 001
|
| 080 |
|
|
|a 81`24
|2 2001
|
| 080 |
|
|
|a (035)
|2 2001
|
| 245 |
0 |
0 |
|a Angličtina v pohode
|n 2
|p Rodina, vzdelanie a povolanie, cestovanie
|c [zostavili: Lucie Meisnerová, Roman Baroš, Ingrid Masárová ; ilustrácie Peter Stankovič]
|
| 246 |
3 |
0 |
|a Rodina, vzdelanie a povolanie, cestovanie
|
| 250 |
|
|
|a [1. vyd.]
|
| 260 |
|
|
|a Bratislava
|b Hemisféry
|c 2005
|
| 300 |
|
|
|a 36 s.
|b ilustr.
|c 13 cm
|e 1 CD
|
| 650 |
0 |
7 |
|a angličtina
|2 SNKPH
|9 1260
|
| 650 |
0 |
7 |
|a konverzácia
|2 SNKPH
|9 49849
|
| 655 |
|
7 |
|a príručky
|2 SNKPH
|9 74364
|
| 700 |
1 |
|
|a Meisnerová, Lucie
|4 com
|9 301562
|
| 700 |
1 |
|
|a Baroš, Roman
|4 com
|9 301565
|
| 700 |
1 |
|
|a Masárová, Ingrid
|4 com
|9 301566
|
| 700 |
1 |
|
|a Stankovič, Peter,
|d 1962-2025
|4 ill
|9 238691
|
| 919 |
|
|
|a 80-968794-9-9
|
| 999 |
|
|
|c 565698
|d 567628
|
| 952 |
|
|
|a SNK
|b SNK
|y PREZ
|7 0
|p 17A0503138
|o snkSE 11103/2
|i snk2006/5922
|8 0
|3 Príloha: 1 audio CD
|0 0
|1 0
|4 0
|d 2006-03-20
|f 1
|l 0
|r 2026-02-23 13:56:53
|w 2026-02-23
|
| 952 |
|
|
|a SNK
|b SNK
|y PREZ
|7 0
|p 17A0503384
|o snkSE 11103/2/pril.
|i snk2006/5922
|8 0
|3 audio CD
|z Príloha
|0 0
|1 0
|4 0
|d 2006-03-20
|f 2
|l 0
|r 2026-02-23 13:56:53
|w 2026-02-23
|